000
00277nam a22001337a 4500
008
171220b xxu||||| |||| 00| 0 eng d
020
_a
460780001
041
_a
eng
080
_a
33
100
_a
58
101
_a
BUS
245
_a
BIG BUSINESS
_c
CLARK,J,B
942
_2
udc
_c
BK
999
_c
39205
_d
39205